Simple tools and techniques for enterprise risk management

Bibliographic Details
Main Author: Chapman, Robert J.
Corporate Authors: Institute of Risk Management., ProQuest (Firm)
Format: Electronic eBook
Language:English
Published: Hoboken, N.J. : Wiley, 2011.
Edition:2nd ed.
Series:Wiley finance series.
Subjects:
Online Access:Click to View
LEADER 01714nam a2200445 a 4500
001 EBC822601
003 MiAaPQ
005 20200520144314.0
006 m o d |
007 cr cn|||||||||
008 111013s2011 njua sb 001 0 eng d
010 |z  2011042252 
020 |z 9781119989974 (hbk) 
020 |a 9781119963219 (electronic bk.) 
035 |a (MiAaPQ)EBC822601 
035 |a (Au-PeEL)EBL822601 
035 |a (CaPaEBR)ebr10518641 
035 |a (CaONFJC)MIL340494 
035 |a (OCoLC)768732457 
040 |a MiAaPQ  |c MiAaPQ  |d MiAaPQ 
050 4 |a HD61  |b .C494 2011 
100 1 |a Chapman, Robert J. 
245 1 0 |a Simple tools and techniques for enterprise risk management  |h [electronic resource] /  |c Robert J. Chapman. 
250 |a 2nd ed. 
260 |a Hoboken, N.J. :  |b Wiley,  |c 2011. 
300 |a xxxiii, 637 p. :  |b ill. 
490 1 |a Wiley finance 
500 |a "Reccommended by the Institute of Risk Management." 
504 |a Includes bibliographical references and index. 
505 0 |a pt. 1. Enterprise risk managment in context -- pt. 2. The risk management process -- pt. 3. Internal influences : micro factors -- pt. 4. Internal influences : macro factors. 
533 |a Electronic reproduction. Ann Arbor, MI : ProQuest, 2015. Available via World Wide Web. Access may be limited to ProQuest affiliated libraries. 
650 0 |a Risk management. 
650 0 |a Risk. 
650 0 |a Uncertainty. 
650 0 |a Decision making. 
655 4 |a Electronic books. 
710 2 |a Institute of Risk Management. 
710 2 |a ProQuest (Firm) 
830 0 |a Wiley finance series. 
856 4 0 |u https://ebookcentral.proquest.com/lib/matrademy/detail.action?docID=822601  |z Click to View